000 00653nam a2200277Ia 4500
005 20260324120614.0
008 008 260324s9999 xx 000 0 eng d
020 _a9780429257667
037 _aEBOOK
040 _aCRL
040 _beng
040 _cCRL
041 _2eng
041 _aeng
084 _qCRL
100 _aRicardo A. Alvarez
_91159238
245 0 _aHurricane Mitigation for the Built Environment
260 _bTaylor and Francis
260 _c2015
365 _a
365 _b230
856 _uhttp://www.taylorfrancis.com/books/9780429257667
942 _cEBOOK
999 _c1750856
_d1750856